10 capitales d’Europe - aléatoire - Statistiques

Statistiques générales
  • Ce quiz a été pris 285 fois
  • Le résultat moyen est 8 sur 10
Statistiques - réponses
Pays Capitale % Correct
Ukraine Kiev
100%
Portugal Lisbonne
100%
Espagne Madrid
100%
Monaco Monaco
100%
France Paris
100%
Vatican Vatican
100%
Pays-Bas Amsterdam
97%
Grèce Athènes
97%
Italie Rome
97%
Belgique Bruxelles
96%
Irlande Dublin
96%
Royaume-Uni Londres
96%
Luxembourg Luxembourg
96%
Russie Moscou
96%
Croatie Zagreb
96%
Norvège Oslo
95%
Suede Stockholm
94%
Pologne Varsovie
91%
Biélorussie Minsk
90%
Roumanie Bucarest
88%
République tchèque Prague
86%
Bulgarie Sofia
86%
Hongrie Budapest
85%
Malte La Valette
82%
Finlande Helsinki
80%
Lettonie Riga
80%
Islande Reykjavik
76%
Estonie Tallinn
76%
Albanie Tirana
76%
Bosnie-Herzégovine Sarajevo
73%
Slovénie Ljubljana
72%
Lituanie Vilnius
71%
Serbie Belgrade
68%
Macédoine Skopje
65%
Slovaquie Bratislava
61%
Chypre Nicosie
61%
Moldavie Chisinau
46%
Kosovo Pristina
45%
Aucun quiz correspondant
Distribution des résultats
% des personnes avec chaque résultat
Percentile par nombre de réponses
Votre historique - résultats
Vous n’avez pas pris ce quiz